000 01021cam a22002771 4500
001 gs 65000425
003 DLC
005 20260227111418.0
008 750709s1961 xx 000 0 spa
010 _ags 65000425
035 _a(OCoLC)1438196
040 _aDLC
_cFU
_dOCoLC
_dDLC
042 _apremarc
043 _an-mx---
050 0 0 _aQE201
_b.M4 t. 17
100 2 _aBlásquez Lopez, Luis,
_d1900-
245 1 0 _aBibliografía hidrogeológica de la República Mexicana,
_crecopilada por Luis Blásquez L. y Alfredo Löehnberg.
260 _aMéxico,
_c1961.
300 _a101 p.
_c23cm.
490 1 _aUniversidad Nacional Autónoma de México. Instituto de Geologia. Anales del Instituto de Geología,
_vt. 17
650 0 _aWater-supply
_zMexico
_vBibliography.
650 0 _aGroundwater
_zMexico
_vBibliography.
650 0 _aGeology
_zMexico
_vBibliography.
700 1 _aLöehnberg, Alfred,
_ejoint author.
810 2 _aUniversidad Nacional Autónoma de México.
_bInstituto de Geología.
_tAnales ;
_vt. 17.
999 _c30135
_d30135